[Event "Karnataka State Open-ch 2018"]
[Site "Bengaluru"]
[Date "2018.04.18"]
[Round "9"]
[White "Tejes Suresh Kumar"]
[Black "Gahan, M G"]
[Result "0-1"]
[WhiteElo "1471"]
[BlackElo "2281"]
[Annotator "TA"]
[PlyCount "80"]
[EventDate "2018.??.??"]
[EventType "swiss"]
[EventCountry "IND"]
[SourceTitle "playchess.com"]
[Source "ChessBase"]
[SourceQuality "1"]

{[%evp 18,79,6,0,3,-7,40,51,128,18,20,33,29,11,24,14,45,0,0,-103,-95,-275,-277,-320,-316,-830,-815,-952,-975,-968,-965,-957,-968,-960,-951,-915,-897,-900,-868,-1019,-766,-1324,-1452,-1390,-1382,-1331,-1294,-1950,-1857,-29990,-29988,-29990,-29989,-29991,-29992,-29994,-29995,-29995,-29996,-29996,-29997,-29997,-29998,-29999]} 1. e4 c5 2. Nf3 e6 3. d3 d5 4. Qe2 Be7 5. g3 Nf6 6. Bg2 Nc6 7. O-O O-O 8. e5 Nd7 9. c4 Re8 10. Re1 {LiveBook: 20 Games. C00: French: Unusual White 2nd moves} (10. Nc3 d4 11. Ne4 Ndxe5 12. Nxe5 Nxe5 13. Nxc5 Nc6 14. Ne4 e5 15. g4 f5 16. gxf5 Bxf5 17. Ng3 Bg6 {½-½ (26) Anand,V (2803)-Khairullin,I (2652) Berlin 2015}) 10... d4 11. h4 f6 12. exf6 {White is slightly better.} Bxf6 (12... Nxf6 $14 13. Bg5 Qb6) 13. Bg5 $146 (13. Nbd2 $16) ({Predecessor:} 13. Nbd2 e5 {1-0 (22) Pinter,G (2356)-Habiger,G (1859) Bern 2004}) 13... e5 $1 $11 14. Nbd2 h6 15. Bxf6 Nxf6 16. Ne4 Bg4 17. a3 Qe7 18. Kh2 (18. Qf1 $11) 18... Rf8 $17 19. Ned2 $2 {[#]} (19. b4 $17 {was worth a try.}) 19... e4 $1 $19 {[%mdl 512]} 20. dxe4 (20. Nxe4 Nxe4) 20... Ne5 21. Qf1 $2 (21. a4 Rad8 22. Kg1) 21... Bxf3 22. Bxf3 Nxf3+ 23. Nxf3 Ng4+ 24. Kg2 {[#]} Rxf3 $1 {[%mdl 512]} 25. Kxf3 Nh2+ 26. Kg2 Nxf1 27. Kxf1 Rf8 28. f4 Qe6 29. b3 Qh3+ 30. Kf2 Qh2+ 31. Kf3 Qc2 32. Rab1 d3 {[%cal Bd4d3,Bd3d2][%mdl 32]} 33. Ke3 d2 {Black mates.} 34. Red1 Rd8 35. Kf2 Qxe4 36. b4 Rd3 37. bxc5 Qf3+ 38. Kg1 Qxg3+ 39. Kh1 Qf2 {[%cal Rd3h3]} 40. Rxb7 Rh3# {Precision: White = 20%, Black = 77%.} 0-1

[Event "Karnataka State Open-ch 2018"]
[Site "Bengaluru"]
[Date "2018.04.18"]
[Round "9"]
[White "Arnav, Muralidhar"]
[Black "Parthasarathy, R."]
[Result "0-1"]
[WhiteElo "1410"]
[BlackElo "1926"]
[Annotator "NA"]
[PlyCount "122"]
[EventDate "2018.??.??"]
[EventType "swiss"]
[EventCountry "IND"]
[SourceTitle "playchess.com"]
[Source "ChessBase"]
[SourceQuality "1"]
[TimeControl "5400+30"]

1. e4 {[%emt 0:00:06]} e5 {[%emt 0:00:45]} 2. Bc4 {[%emt 0:00:14]} Nf6 {[%emt 0:00:07]} 3. Nc3 {[%emt 0:00:11]} Nc6 {[%emt 0:00:04]} 4. d3 {[%emt 0:00:14]} Na5 {[%emt 0:00:03]} 5. Nge2 {[%emt 0:00:16]} c6 {[%emt 0:00:09]} 6. Bg5 {[%emt 0:02:04] C28: Vienna Game: 2...Nf6 3 Bc4 Nc6} (6. O-O Be7 7. a4 Nxc4 8. dxc4 d6 9. b3 O-O 10. Ng3 h6 11. h3 Be6 12. Qf3 Qa5 13. Rd1 Rfd8 14. Ba3 {½-½ (23) Vavulin,M (2604)-Movsesian,S (2679) Moscow 2017}) 6... b5 {[%emt 0:04:14]} 7. Bb3 {[%emt 0:01:48]} Be7 {[%emt 0:04:16]} 8. O-O {[%emt 0:02:07]} b4 {[%emt 0:01:06]} 9. Nb1 {[%emt 0:01:07]} Nxb3 {[%emt 0:00:59]} 10. axb3 {[%emt 0:00:20]} d5 {[%emt 0:00:07]} 11. Nd2 {[%emt 0:02:14]} O-O $146 {[%emt 0:07:59]} ({Find the theoretical novelty and annotate with similar games:} 11... Qb6 12. Be3 Qb7 13. Nf3 Bd6 {1-0 (47) Macek,K (1930)-Zlamal,F (1920) Prague 2006}) 12. Ng3 {[%emt 0:05:49]} h6 {[%emt 0:02:03]} 13. Bxf6 {[%emt 0:00:52]} Bxf6 {[%emt 0:00:03]} 14. Nf3 {[%emt 0:01:05]} Qb6 {[%emt 0:02:27]} 15. Qe2 {[%emt 0:03:52]} g6 {[%emt 0:08:18]} 16. Qe3 {[%emt 0:02:42]} Qxe3 {[%emt 0:02:28]} 17. fxe3 {[%emt 0:00:10]} Bg4 {[%emt 0:09:06]} 18. Ra4 {[%emt 0:02:11]} Bxf3 {[%emt 0:01:18]} 19. Rxf3 {[%emt 0:01:29]} Be7 {[%emt 0:00:48]} 20. Ra6 {[%emt 0:01:44]} Rfc8 {[%emt 0:01:43]} 21. Kf2 {[%emt 0:04:46]} Bc5 {[%emt 0:08:15]} 22. Rf6 {[%emt 0:02:43]} Bb6 {[%emt 0:00:40]} 23. Ke2 {[%emt 0:01:37]} Rab8 {[%emt 0:04:56]} 24. Rd6 {[%emt 0:02:29]} Kf8 {[%emt 0:02:31]} 25. Rf6 {[%emt 0:00:53]} Ke7 {[%emt 0:00:39]} 26. Rf3 {[%emt 0:00:49]} Rb7 {[%emt 0:02:32]} 27. Nh1 {[%emt 0:01:25]} h5 {[%emt 0:03:06]} 28. Nf2 {[%emt 0:00:22]} Ke6 {[%emt 0:02:00]} 29. g4 {[%emt 0:02:29]} hxg4 {[%emt 0:01:16]} 30. Nxg4 {[%emt 0:00:11]} f5 {[%emt 0:01:18]} 31. Nf2 {[%emt 0:00:27]} Rh7 {[%emt 0:04:55]} 32. h3 {[%emt 0:00:10]} dxe4 {[%emt 0:03:41]} 33. dxe4 {[%emt 0:00:15]} Rd8 {[%emt 0:02:29]} 34. Rg3 {[%emt 0:02:01]} Kf6 {[%emt 0:00:14]} 35. Ra1 {[%emt 0:02:14]} Rhd7 {[%emt 0:02:04]} 36. Rd1 {[%emt 0:00:35]} f4 {[%emt 0:02:04]} 37. Rf3 {[%emt 0:03:30]} Rxd1 {[%emt 0:03:59]} 38. Nxd1 {[%emt 0:00:41]} g5 {[%emt 0:00:04]} 39. Nf2 {[%emt 0:01:16]} Ke6 {[%emt 0:00:09]} 40. Ng4 {[%emt 0:00:34]} Rh8 {[%emt 0:02:01]} 41. exf4 {[%emt 0:02:59]} gxf4 {[%emt 0:00:23]} 42. Rd3 {[%emt 0:02:14]} a5 {[%emt 0:00:24]} 43. Nh2 {[%emt 0:07:55]} Be3 {[%emt 0:02:31]} 44. Nf1 {[%emt 0:02:41]} Bc1 {[%emt 0:01:38]} 45. Nd2 {[%emt 0:01:24]} Bxb2 {[%emt 0:00:14]} 46. Nc4 {[%emt 0:00:27]} Bd4 {[%emt 0:00:24]} 47. Nxa5 {[%emt 0:00:31]} c5 {[%emt 0:00:07]} 48. Nc6 {[%emt 0:01:35]} Rg8 {[%emt 0:00:49]} 49. Nxd4+ {[%emt 0:00:17]} cxd4 {[%emt 0:00:45]} 50. Kf2 {[%emt 0:00:22]} Rc8 {[%emt 0:00:31]} 51. Rd2 {[%emt 0:00:10]} Rc3 {[%emt 0:00:15]} 52. Kg2 {[%emt 0:00:18]} Re3 {[%emt 0:00:18]} 53. Kh2 {[%emt 0:01:09]} Rxe4 {[%emt 0:00:33]} 54. Rg2 {[%emt 0:00:23]} f3 {[%emt 0:01:05]} 55. Rg3 {[%emt 0:00:47]} Re2+ {[%emt 0:00:52]} 56. Kg1 {[%emt 0:00:11]} e4 {[%emt 0:01:30]} 57. h4 {[%emt 0:00:08]} Rxc2 {[%emt 0:00:05]} 58. h5 {[%emt 0:00:30]} Rg2+ {[%emt 0:00:32]} 59. Kh1 {[%emt 0:01:12]} Rxg3 {[%emt 0:00:07]} 60. h6 {[%emt 0:00:09]} f2 {[%emt 0:00:10]} 61. h7 {[%emt 0:00:11]} f1=Q+ {[%emt 0:00:19]} 0-1

[Event "Karnataka State Open-ch 2018"]
[Site "Bengaluru"]
[Date "2018.04.18"]
[Round "9"]
[White "Rakesh, N."]
[Black "Santoshkashyap, HG."]
[Result "0-1"]
[WhiteElo "1359"]
[BlackElo "1929"]
[Annotator "NA RC"]
[PlyCount "46"]
[EventDate "2018.??.??"]
[EventType "swiss"]
[EventCountry "IND"]
[SourceTitle "playchess.com"]
[Source "ChessBase"]
[SourceQuality "1"]
[TimeControl "5400+30"]

1. e4 {[%emt 0:00:00]} c6 {[%emt 0:00:17]} 2. d4 {[%emt 0:00:59]} d5 {[%emt 0:00:08]} 3. Nc3 {[%emt 0:01:10]} dxe4 {[%emt 0:00:09]} 4. Nxe4 {[%emt 0:00:07]} Nd7 {[%emt 0:00:11]} 5. Nf3 {[%emt 0:01:12]} Ngf6 {[%emt 0:00:17]} 6. Nxf6+ {[%emt 0:02:06]} Nxf6 {[%emt 0:00:06]} 7. h3 {[%emt 0:00:19]} Bf5 {[%emt 0:01:15]} 8. Bd3 {[%emt 0:03:25]} e6 {[%emt 0:00:54]} 9. O-O {[%emt 0:03:02]} Bxd3 {[%emt 0:02:12]} 10. Qxd3 {[%emt 0:00:20]} Bd6 {[%emt 0:00:16]} 11. b3 {[%emt 0:01:34]} O-O {[%emt 0:00:13]} 12. c4 {[%emt 0:00:51]} Qc7 {[%emt 0:04:59]} 13. Bg5 {[%emt 0:03:55]} Be7 {[%emt 0:03:34]} 14. Rad1 {[%emt 0:01:37]} Rad8 {[%emt 0:00:10]} 15. Rfe1 {[%emt 0:04:43]} h6 {[%emt 0:05:56]} 16. Bh4 {[%emt 0:03:54]} c5 17. Qc2 cxd4 {[%emt 0:12:14]} 18. Nxd4 {[%emt 0:02:25]} a6 {[%emt 0:05:03]} 19. Nf3 {[%emt 0:07:56]} Qa5 {[%emt 0:05:18]} 20. a4 {[%emt 0:06:19]} Rfe8 {[%emt 0:09:00]} 21. Nd4 {[%emt 0:07:15]} Rxd4 {[%emt 0:00:24]} 22. Rxd4 {[%emt 0:00:20]} Qxe1+ {[%emt 0:00:07]} 23. Kh2 {[%emt 0:00:04]} Qe5+ {[%emt 0:00:08]} 0-1

[Event "Karnataka State Open-ch 2018"]
[Site "Bengaluru"]
[Date "2018.04.18"]
[Round "10"]
[White "Girish, A. Koushik"]
[Black "Thejkumar, M. S."]
[Result "1/2-1/2"]
[WhiteElo "2401"]
[BlackElo "2493"]
[Annotator "TA"]
[PlyCount "136"]
[EventDate "2018.??.??"]
[EventType "swiss"]
[EventCountry "IND"]
[SourceTitle "playchess.com"]
[Source "ChessBase"]
[SourceQuality "1"]

{[%evp 25,136,-12,-12,-60,-58,-56,-40,-50,-41,-81,0,-50,-45,-52,-23,-31,-31,-37,-28,-51,-66,-97,-90,-100,-89,-116,-94,-104,-89,-93,-50,-39,-25,-31,-15,-15,-34,-35,0,-64,-72,-83,-67,-210,-210,-216,-215,-200,-207,-486,-489,-480,-483,-388,-417,-290,0,0,0,0,0,0,31,36,38,45,85,85,85,85,85,85,90,90,90,90,90,90,90,90,90,90,90,90,90,90,90,90,90,90,90,90,90,85,85,85,85,85,85,85,85,85,85,0,85,0,85,85,85,85,85,82,82]} 1. Nf3 d5 2. g3 Nf6 3. Bg2 Bf5 4. O-O e6 5. d3 h6 6. Nbd2 Be7 7. Qe1 Bh7 8. e4 O-O 9. Qe2 c5 10. Ne5 Nbd7 11. Nxd7 {A07: Réti Opening: New York and Capablanca Systems} Qxd7 12. e5 Ne8 {[%cal Bf6e8,Be8c7,Bc7b5,Bb5d4][%mdl 32]} 13. f4 Nc7 {[#] LiveBook: 9 Games} 14. Kh1 $146 ({Predecessor:} 14. Bh3 c4 15. g4 cxd3 16. cxd3 {½-½ (16) Marin,M (2545)-Arencibia Rodriguez,W (2560) La Pobla de Lillet 1997}) 14... b5 15. Nf3 b4 16. g4 Nb5 17. g5 Bf5 (17... hxg5 $17 18. Nxg5 Bf5) 18. Nh4 Nd4 19. Qf2 Bh7 20. gxh6 Bxh4 21. Qxh4 Nf5 22. Qh3 Nxh6 23. Be3 Rac8 24. Rg1 c4 25. Bf3 Nf5 26. Rg5 {[#]} Bg6 $1 ({But not} 26... Nxe3 $2 27. Rh5 $16) 27. Bh5 cxd3 {White must now prevent ...d4.} 28. Rxg6 d4 $36 {[%mdl 2048] Black fights for an advantage.} ({Much weaker is} 28... Rxc2 $6 29. Rg2 $14) 29. Bd2 $1 fxg6 30. Bxg6 {[%csl Gg6][%cal Rh3h7]} Nh6 31. Qxd3 Rf5 32. Rg1 (32. Kg1 $11) 32... Qc6+ $1 $15 33. Rg2 Qxc2 34. Bxf5 (34. Qg3 $15 Rc7 35. Bxb4 Qc1+ 36. Rg1 Qc6+ 37. Rg2) 34... Nxf5 $19 35. Qxc2 Rxc2 36. Bxb4 $17 {[%mdl 4096] Endgame KRB-KRN} d3 {[%cal Bd4d3,Bd3c2][%mdl 32]} 37. a4 $2 (37. Kg1 Nh4 38. Rf2) 37... Nh4 $19 38. Rxc2 dxc2 {KB-KN} 39. Bd2 {[#]} Nf3 $1 {[%cal Rf3d2]} 40. Be3 a5 $2 {[#]} (40... Ne1 $19 {Strongly threatening ...Nd3.} 41. a5 Nd3) 41. b4 $1 $11 {[%mdl 512]} axb4 42. a5 $1 {[%cal Ra5a6] aiming for a6.} b3 43. Bc1 Nd4 (43... Kf7 $5 44. a6 $8 Ne1 $11) 44. a6 {a7 is the strong threat.} Nc6 45. Kg2 Kf7 46. Kf3 Ke7 47. Ke3 Kd7 {Threatening ...Kc7.} 48. Kd2 Kc7 49. Kc3 Kb6 {White should prevent ...Na5.} 50. Kxb3 Kxa6 51. Kxc2 Kb7 52. Kd3 Kc7 53. Ke4 g6 54. Ba3 Kd7 55. Bc5 Ke8 56. Kf3 Kf7 57. Kg4 Na5 58. Kg5 Nc6 59. h4 Na5 60. Kg4 Nc6 61. Kf3 Kg7 62. Kg3 Nd8 63. Be7 Nc6 64. Bc5 (64. Bd6 {looks sharper.} Nd8 65. Bc5 Nc6 66. Be3 Nd8 67. Bb6) 64... Nd8 $1 65. Kf3 ({White should play} 65. Bb6 $16 Nf7 66. Kh3) 65... Nf7 (65... Nc6 $11) 66. Be7 {White is better.} Nh6 67. Bf6+ Kf7 68. Bg5 Nf5 {Precision: White = 56%, Black = 83%.} 1/2-1/2

[Event "Karnataka State Open-ch 2018"]
[Site "Bengaluru"]
[Date "2018.04.18"]
[Round "10"]
[White "Sanjay, N.."]
[Black "Raghavendra, V.."]
[Result "1-0"]
[WhiteElo "2346"]
[BlackElo "1898"]
[Annotator "TA"]
[PlyCount "105"]
[EventDate "2018.??.??"]
[EventType "swiss"]
[EventCountry "IND"]
[SourceTitle "playchess.com"]
[Source "ChessBase"]
[SourceQuality "1"]

{[%evp 28,105,37,31,45,8,13,12,0,7,0,0,6,15,7,-19,-30,-19,-31,-33,-8,-20,-27,-60,-36,-47,-29,-45,0,0,0,0,0,0,0,0,12,10,10,3,2,4,4,4,11,2,8,14,32,47,61,64,90,74,312,758,552,480,647,52,52,52,52,59,60,77,7130,7130,7433,5222,29974,29975,29974,29976,29976,29977,29977,29978,29978,29979]} 1. c4 Nf6 2. Nc3 d5 3. cxd5 Nxd5 4. Nf3 g6 5. g3 Bg7 6. Bg2 O-O 7. O-O Nc6 8. d4 {[%cal Bd2d4,Bd4d5][%mdl 32]} Nb6 9. e3 e5 10. d5 e4 11. dxc6 Qxd1 12. Rxd1 exf3 13. Bxf3 bxc6 14. Bd2 {D76: Fianchetto Grünfeld: Main Line with 7...Nb6} Nc4 15. Na4 {LiveBook: 3 Games. Black must now prevent Bb4.} Rb8 16. Bc3 {White is slightly better.} Bxc3 17. bxc3 Ne5 18. Be2 {[#]} h5 $146 ({Predecessor:} 18... Be6 19. Rd4 Nd7 20. Rad1 Nb6 21. Nc5 Nd5 22. Nxe6 fxe6 {1-0 (38) Tkachiev,V (2652)-Sutovsky,E (2637) Dresden 2007}) 19. f3 Be6 20. Rd4 Rfd8 21. Kf2 Rd5 {Strongly threatening ...Ra5.} 22. Rxd5 cxd5 23. Rd1 c6 24. Ke1 Kf8 25. Kd2 Ke7 26. Kc1 Bf5 27. Nb2 Nd7 28. Rd4 Nb6 29. Rb4 Kd6 30. Rb3 Re8 31. Kd2 Kc7 32. Ra3 Kb7 33. c4 dxc4 34. Nxc4 Nxc4+ 35. Bxc4 $11 {[%mdl 4096] Endgame KRB-KRB} Be6 36. Kc3 Bxc4 37. Kxc4 {KR-KR} Rd8 38. Rd3 Rxd3 39. Kxd3 $14 {KP-KP} Kc7 40. e4 Kd6 $2 {[#]} (40... f6 $16 {keeps fighting.}) 41. f4 $1 $18 Kc5 42. h3 f6 43. Kc3 $2 (43. h4 $18 a6 44. Ke3) 43... g5 $1 $14 44. h4 g4 45. Kd3 Kd6 46. Kd4 c5+ $2 {[%mdl 8192]} (46... Ke6 $16 47. Kc5 Kd7) 47. Kc4 $18 Kc6 48. e5 f5 49. a4 {White mates.} a5 50. e6 Kd6 {[#]} 51. e7 $1 {[%mdl 512]} Kxe7 52. Kxc5 Ke6 53. Kc6 {Precision: White = 63%, Black = 47%.} 1-0

[Event "Karnataka State Open-ch 2018"]
[Site "Bengaluru"]
[Date "2018.04.18"]
[Round "10"]
[White "Gahan M G"]
[Black "Dilip Kumar Pedda"]
[Result "1-0"]
[WhiteElo "2281"]
[BlackElo "1653"]
[Annotator "TA"]
[PlyCount "109"]
[EventDate "2018.??.??"]
[EventType "swiss"]
[EventCountry "IND"]
[SourceTitle "playchess.com"]
[Source "ChessBase"]
[SourceQuality "1"]

{[%evp 13,109,2,42,38,37,-5,30,13,114,16,75,69,63,64,56,66,107,106,114,36,36,36,36,36,43,36,36,36,103,99,95,107,102,104,114,104,106,105,141,134,499,481,497,479,470,400,1109,1063,919,804,1713,1452,6475,6477,12835,12835,12834,12834,12839,12839,29979,29980,29979,29980,29982,29983,29983,12844,12845,12845,12845,12846,12846,12847,12847,12847,12848,12848,12849,12849,12850,12850,29994,29990,29990,29991,29991,12849,29996,12849,12850,12850,12850,29996,29996,29998,29998,12851]} 1. e4 e6 2. b3 d5 3. Bb2 c5 4. exd5 exd5 5. Bb5+ Nc6 6. Nf3 {B20: Sicilian: Unusual White 2nd moves} Nf6 7. Qe2+ (7. O-O Be7 8. Ne5 Qc7 9. Re1 O-O 10. h3 Ne4 11. Bxc6 bxc6 12. d3 Nxf2 13. Kxf2 Bh4+ {0-1 (28) Antal,G (2523)-Vorobiov,E (2584) La Roda 2017}) 7... Be6 {LiveBook: 5 Games} 8. Bxc6+ {White is slightly better.} bxc6 9. O-O h6 $146 ({Predecessor:} 9... Bd6 10. Qa6 Qb6 11. Qa4 O-O 12. d3 Nd7 13. Qh4 f6 {0-1 (70) Valenti,G (2169)-Filip,L (2470) Paleochora 2010}) 10. Ne5 {Black must now prevent f4.} Qc8 (10... Bd6 $1 $11 {keeps the balance.}) 11. Re1 (11. f4 $1 $16) 11... Be7 (11... Bd6 $11 {remains equal.}) 12. d3 $16 O-O {[#]} 13. Ng6 $1 {[%mdl 512]} fxg6 14. Qxe6+ Qxe6 15. Rxe6 Rae8 16. Nd2 ({Don't play} 16. Rxc6 $6 Ng4 $14) (16. Na3 $16) 16... Bd8 $1 $14 17. Rae1 Kf7 18. Rxe8 Rxe8 19. Rxe8 Nxe8 {[%mdl 4096] Endgame KBN-KBN} 20. Nf3 Bf6 {[#]} ({Better is} 20... Bc7 $14) 21. Ba3 $1 $16 c4 22. dxc4 dxc4 23. bxc4 Ke6 24. Kf1 Nd6 {[#]} 25. Nd2 $1 a5 26. Ke2 Bg5 $2 {[%mdl 8192]} (26... g5 $16 {is a better chance.} 27. h3 a4) 27. Bxd6 $1 $18 Bxd2 28. Kxd2 Kxd6 {KP-KP} 29. Kd3 Ke5 (29... Kc5 $142 30. Kc3 g5) 30. f4+ {[%cal Bf2f4,Bf4f5][%mdl 32]} Kd6 31. Kd4 c5+ 32. Ke4 Ke6 33. a4 h5 34. g3 Kd6 35. f5 g5 36. h4 g4 37. Kf4 Ke7 38. Kg5 Kd6 39. Kxh5 Ke5 40. Kxg4 (40. Kg6 $142 Ke4 41. h5 Ke5 42. Kxg7 Kxf5 43. h6 Ke4 44. h7 Kf3 45. h8=Q) 40... Kd4 41. h5 Kxc4 {[#]} 42. f6 $1 gxf6 43. h6 Kc3 44. h7 c4 45. h8=Q Kxc2 46. Qxf6 {Intending Qf5+ and mate.} c3 47. Kf3 {Threatening mate with Ke2.} Kd1 48. Qd4+ Kc2 49. Ke2 Kb3 50. g4 (50. Kd1 $142 Kb2 51. Qb6+ Ka3 52. Kc2 Ka2 53. Kxc3 Ka3 54. Qb3#) 50... Kc2 51. Qd1+ (51. Qb6 $142 Kc1 52. Kd3 c2 53. g5 Kd1 54. Qg1#) 51... Kb2 52. Kd3 {Qh1 would kill now.} c2 53. Qxc2+ Ka3 54. Qb1 Kxa4 55. Ke4 {Precision: White = 70%, Black = 32%.} (55. Kc3 $142 Ka3 56. Qb3#) 1-0

[Event "Karnataka State Open-ch 2018"]
[Site "Bengaluru"]
[Date "2018.04.18"]
[Round "10"]
[White "Kulkarni, Vinayak"]
[Black "Jagadish, V.."]
[Result "0-1"]
[WhiteElo "2179"]
[BlackElo "2157"]
[Annotator "TA"]
[PlyCount "44"]
[EventDate "2018.??.??"]
[EventType "swiss"]
[EventCountry "IND"]
[SourceTitle "playchess.com"]
[Source "ChessBase"]
[SourceQuality "1"]

{[%evp 20,44,30,36,44,27,87,91,160,145,155,154,136,117,133,100,87,88,93,43,54,60,47,-768,-790,-759,-743]} 1. Nf3 d5 2. g3 c6 3. Bg2 Nf6 4. O-O Bg4 5. d4 Nbd7 6. Nbd2 e6 7. Re1 Bd6 8. e4 dxe4 9. Nxe4 Nxe4 10. Rxe4 Nf6 {D02: 1 d4 d5 2 Nf3 sidelines, including 2...Nf6 3 g3 and 2...Nf6 3 Bf4} (10... Bh5 11. d5 Nf6 12. Bg5 Bg6 13. Re1 cxd5 14. Bxf6 gxf6 15. Qxd5 Qb6 16. Nd2 O-O 17. Qxb7 Qxb7 18. Bxb7 {½-½ (25) Artemiev,V (2697)-Lysyj,I (2618) Moscow 2018}) 11. Re1 {LiveBook: 33 Games} Qc7 12. c3 O-O-O (12... O-O $11 {keeps the balance.}) 13. Qa4 $146 ({Predecessor:} 13. a4 h5 14. Bg5 h4 15. Bxh4 Rxh4 16. gxh4 Bxh2+ 17. Kf1 {½-½ (17) Rego,S (1851)-Koolsbergen,N (1834) IECC email 1999}) 13... Kb8 (13... Bxf3 $142 14. Bxf3 a6) 14. Ne5 h5 15. Nc4 Ka8 16. Nxd6 Qxd6 17. Bg5 h4 18. d5 hxg3 19. hxg3 Bh3 $1 {[%cal Rh3g2] [#] And now ...Bxg2 would win.} 20. dxc6 Bxg2 21. Kxg2 $2 {[%mdl 8192]} (21. Be3 $14 a6 22. Kxg2) 21... Qd5+ $19 22. f3 Qxg5 {Precision: White = 55%, Black = 44%.} 0-1

[Event "Karnataka State Open-ch 2018"]
[Site "Bengaluru"]
[Date "2018.04.18"]
[Round "10"]
[White "Arvind, Shastry"]
[Black "Hardik, Jha"]
[Result "1-0"]
[WhiteElo "2175"]
[BlackElo "1882"]
[Annotator "TA"]
[PlyCount "93"]
[EventDate "2018.??.??"]
[EventType "swiss"]
[EventCountry "IND"]
[SourceTitle "playchess.com"]
[Source "ChessBase"]
[SourceQuality "1"]

{[%evp 16,93,18,8,8,15,16,16,14,-5,-4,0,0,0,-5,-9,-8,-14,-11,-38,-18,-50,0,0,0,-47,0,0,29,0,0,0,21,21,30,24,30,0,0,0,9,-21,-1,-20,98,99,105,98,104,100,120,120,97,84,127,100,125,132,195,193,194,187,221,225,222,225,222,224,208,213,209,213,199,169,194,196,444,430,29998,-399]} 1. d4 d5 2. Nf3 Nf6 3. c4 e6 4. Nc3 c6 5. cxd5 exd5 6. Bg5 Be7 7. Qc2 Be6 8. e3 Nbd7 9. Bd3 {LiveBook: 4 Games} h6 {D35: Queen's Gambit Declined: Exchange Variation} 10. Bf4 (10. Bh4 Nb6 11. O-O O-O 12. Bxf6 Bxf6 13. b4 Rc8 14. a4 Nd7 15. Rfc1 a5 16. bxa5 Qxa5 17. Bf5 Rfe8 18. Bxe6 Rxe6 19. Rab1 b6 20. h3 {½-½ (20) Varga,Z (2461)-Nomin Erdene,D (2434) Kecskemet 2015}) 10... Nh5 11. Be5 Nhf6 {The position is equal.} 12. h3 Nxe5 13. Nxe5 Nd7 14. Nf3 $146 ({Predecessor:} 14. O-O Nxe5 15. dxe5 Qb6 16. Na4 {1-0 (71) Montes Gutierrez,I (2026)-Garrido Moreno,A (2170) Oviedo 2003}) 14... Bd6 15. O-O O-O 16. Rab1 Rc8 17. b4 Qe7 18. Qb3 b5 19. a4 a6 20. a5 Nf6 21. Qb2 Qd7 22. Rfe1 Rfe8 23. Ne5 Qc7 24. f4 Nh7 25. Qc2 $36 {[%mdl 2048] White has some pressure.} Nf8 26. Na2 f6 27. Nf3 {[%cal Be5f3,Bf3h4,Bh4f5][%mdl 32]} Re7 28. Nh4 Rce8 29. Re2 Bf7 (29... Bd7 $11 {keeps the balance.} 30. Rbe1 g5) 30. Nf5 $16 Re6 31. Rc1 Be7 32. Qb1 h5 33. Nc3 {Strongly threatening Nxd5!} Qd7 34. Nd1 Kh8 35. Nh4 Bd6 36. Bf5 g5 (36... g6 $16) 37. fxg5 $18 fxg5 {[#]} 38. Nf3 $1 {[%cal Rf3g5]} ({Don't do} 38. Bxe6 $6 Qxe6 39. Nf5 Bg6 $16) 38... Bg6 39. Nxg5 Bxf5 40. Qxf5 Rg6 41. Nf7+ Kg7 42. Nxd6 Qxd6 43. Rf2 {Threatens to win with Qf7+.} ({Resist} 43. Qxh5 $6 Ne6 $16) 43... Qe7 44. Qxh5 Nh7 45. Rf5 Qxb4 $2 {[#]} (45... Rh8) 46. Rxc6 $1 {[%mdl 512]} Re7 (46... Qe1+ $18 47. Rf1 Qxf1+ 48. Kxf1 Rf8+ 49. Ke2 Rxc6 50. Qxd5 Rff6) (46... Rxc6 47. Rf7+) 47. Rf4 $4 {[%mdl 40960] Precision: White = 53%, Black = 32%. . Loss on Time!?} (47. Rxg6+ {mates} Kh8 48. Rf8#) 1-0

[Event "Karnataka State Open-ch 2018"]
[Site "Bengaluru"]
[Date "2018.04.18"]
[Round "10"]
[White "Balkishan, A.."]
[Black "Ojas, Kulkarni"]
[Result "0-1"]
[WhiteElo "2026"]
[BlackElo "2252"]
[Annotator "TA"]
[PlyCount "66"]
[EventDate "2018.??.??"]
[EventType "swiss"]
[EventCountry "IND"]
[SourceTitle "playchess.com"]
[Source "ChessBase"]
[SourceQuality "1"]

{[%evp 11,66,18,29,-2,7,0,29,24,33,0,0,5,0,0,9,12,36,0,0,-19,-12,-20,0,-12,24,13,36,19,34,-11,1,-92,-102,-141,-144,-267,-275,-265,-275,-277,-285,-429,-429,-422,-419,-414,-415,-414,-409,-798,-786,-801,-791,-784,-784,-770,-766]} 1. d4 Nf6 2. Nf3 g6 3. Nbd2 Bg7 4. e4 d6 5. Bd3 O-O 6. O-O Nc6 {LiveBook: 165 Games} 7. c4 {B07: Pirc Defence: Miscellaneous Systems} (7. c3 e5 8. dxe5 Nxe5 9. Nxe5 dxe5 10. Nc4 Qe7 11. Qe2 Rd8 12. Bg5 h6 13. Bh4 b6 14. Rfd1 Bb7 15. Ne3 a5 16. a4 h5 17. Bc4 Bh6 18. f3 Rxd1+ 19. Rxd1 {½-½ (42) Xiong,J (2640)-Shankland,S (2668) Saint Louis 2018}) 7... e5 8. d5 $146 ({Predecessor:} 8. a3 Nxd4 9. Nxd4 exd4 10. b3 c5 11. Bb2 b6 12. Re1 {0-1 (24) Khu,R-Roods,S CServe email 1994}) 8... Ne7 9. Re1 {White has an edge.} Nd7 10. Nf1 a5 11. Ng3 Nc5 12. Bc2 {[%cal Bd3c2,Bc2d1,Bd1g4][%mdl 32]} c6 13. Be3 b6 14. dxc6 Nxc6 15. Qd2 Bg4 16. Bd1 Rc8 17. Ng5 Be6 18. Nxe6 fxe6 19. Bg4 Nd4 20. Rad1 Qe7 21. f3 (21. Be2 $11 {remains equal.}) 21... h5 $17 22. Bh3 {[#]} Rxf3 $1 {[%mdl 512]} 23. Bxd4 (23. Qc1 $17 {was called for.} Rxe3 24. Qxe3) (23. gxf3 Nxf3+) 23... Rd3 $19 24. Qe2 {Black must now prevent Bxc5.} Rxd1 25. Qxd1 {Hoping for Bxc5.} exd4 26. Ne2 (26. e5 $142) 26... d3 27. Nf4 Qf6 28. Nxd3 {[#]} Qd4+ $1 29. Nf2 Rf8 {[%cal Bc8f8,Bf8f2,Bf2d2][%mdl 32]} 30. Qc2 {[#]} (30. Re2 $142 Rxf2 31. Qxd4 Bxd4 32. Rxf2 Nxe4 33. Bxe6+ Kg7 34. Kf1 Nxf2 35. Ke2) 30... Nd3 $1 {[%cal Rf8f2][%mdl 512] Black is clearly winning.} 31. Bxe6+ (31. Qxd3 Qxf2+) 31... Kh7 {[%cal Rf8f2]} 32. Rd1 Rxf2 33. Qxd3 Rd2+ {Precision: White = 33%, Black = 62%.} 0-1